Image

Дэлгэрэнгүй хайлт

Монгол улс ба гадаадын хөрөнгө оруулагчийн эрх, үүргийн тэнцвэрийг хангах нь (Record no. 32440)

MARC details
000 -LEADER
fixed length control field 01774nam a22002537a 4500
003 - CONTROL NUMBER IDENTIFIER
control field MN-UlLSGH
005 - DATE AND TIME OF LATEST TRANSACTION
control field 20260626162623.0
008 - FIXED-LENGTH DATA ELEMENTS--GENERAL INFORMATION
fixed length control field 260626b mp ||||| m||| 00| 0 mon d
020 ## - INTERNATIONAL STANDARD BOOK NUMBER
International Standard Book Number 9789919049249
Qualifying information хатуу хавтастай
040 ## - CATALOGING SOURCE
Transcribing agency MN-ULPAL
084 ## - OTHER CLASSIFICATION NUMBER
Classification number 67.412
Item number А486
100 0# - MAIN ENTRY--PERSONAL NAME
Personal name Алтангэрэл, Тайванхүүгийн.
Relator term зохиогч
9 (RLIN) 16410
245 1# - TITLE STATEMENT
Title Монгол улс ба гадаадын хөрөнгө оруулагчийн эрх, үүргийн тэнцвэрийг хангах нь
260 ## - PUBLICATION, DISTRIBUTION, ETC.
Place of publication, distribution, etc. Улаанбаатар
Name of publisher, distributor, etc. "Хөх судар принтинг" ХХК
Date of publication, distribution, etc. 2025
300 ## - PHYSICAL DESCRIPTION
Extent 258 хуудастай
Dimensions 24 см
336 ## - CONTENT TYPE
Source rdacontent
Content type term text
Content type code txt
337 ## - MEDIA TYPE
Media type term rdamedia
Media type code unmediated
338 ## - CARRIER TYPE
Carrier type term volume
Carrier type code rdacarrier
504 ## - BIBLIOGRAPHY, ETC. NOTE
Bibliography, etc. note Ном зүй (хуудас 245-256)
520 ## - SUMMARY, ETC.
Summary, etc. Хөрөнгө оруулалтын олон улсын болон дотоодын эрх зүйн өнөөгийн чиг хандлага, тулгамдсан асуудлын хүрээнд гадаадын хөрөнгө оруулагч болон төр хоорондын эрх үүргийн харьцуулалт, гадаадын хөрөнгө оруулалт ба нийгмийн болон байгаль орчны харилцан хамаарлыг харгалзсан тэнцвэртэй эрх зүйн орчныг хангах шаардлага, боломж, хүрэх арга замыг судлахыг зорьжээ.
650 #4 - SUBJECT ADDED ENTRY--TOPICAL TERM
Topical term or geographic name entry element олон улсын эрх зүй
General subdivision гадаадын хөрөнгө оруулалтын эрх зүй
Geographic subdivision Монгол
-- Европын холбоо
-- Казакстан
9 (RLIN) 16411
650 #4 - SUBJECT ADDED ENTRY--TOPICAL TERM
Topical term or geographic name entry element арбитрын эрх зүй
9 (RLIN) 12107
942 ## - ADDED ENTRY ELEMENTS (KOHA)
Source of classification or shelving scheme Оросын ном зүйн ангилал
Koha item type Ном - Books
Suppress in OPAC No
Holdings
Withdrawn status Lost status Source of classification or shelving scheme Damaged status Not for loan Home library Current library Date acquired Cost, normal purchase price Inventory number Total Checkouts Full call number Barcode Date last seen Price effective from Koha item type
    Оросын ном зүйн ангилал     Парламентын номын сан - Үндсэн фонд Парламентын номын сан - Салбар 06/26/2026 75000.00 25255   67.412 А486 40439 06/26/2026 06/26/2026 Ном - Books
    Оросын ном зүйн ангилал     Парламентын номын сан - Үндсэн фонд Парламентын номын сан - Үндсэн фонд 06/26/2026 75000.00 25253   67.412 А486 40437 06/26/2026 06/26/2026 Ном - Books
    Оросын ном зүйн ангилал     Парламентын номын сан - Үндсэн фонд Парламентын номын сан - Үндсэн фонд 06/26/2026 75000.00 25254   67.412 А486 40438 06/26/2026 06/26/2026 Ном - Books